<?xml version="1.0" encoding="UTF-8"?><?xml-stylesheet type="text/xsl" href="static/style.xsl"?><OAI-PMH xmlns="http://www.openarchives.org/OAI/2.0/" xmlns:xsi="http://www.w3.org/2001/XMLSchema-instance" xsi:schemaLocation="http://www.openarchives.org/OAI/2.0/ http://www.openarchives.org/OAI/2.0/OAI-PMH.xsd"><responseDate>2026-04-17T03:48:42Z</responseDate><request verb="GetRecord" identifier="oai:www.recercat.cat:10256/14301" metadataPrefix="marc">https://recercat.cat/oai/request</request><GetRecord><record><header><identifier>oai:recercat.cat:10256/14301</identifier><datestamp>2024-05-22T11:13:43Z</datestamp><setSpec>com_2072_452966</setSpec><setSpec>com_2072_2054</setSpec><setSpec>col_2072_452968</setSpec></header><metadata><record xmlns="http://www.loc.gov/MARC21/slim" xmlns:dcterms="http://purl.org/dc/terms/" xmlns:xsi="http://www.w3.org/2001/XMLSchema-instance" xmlns:doc="http://www.lyncode.com/xoai" xsi:schemaLocation="http://www.loc.gov/MARC21/slim http://www.loc.gov/standards/marcxml/schema/MARC21slim.xsd">
   <leader>00925njm 22002777a 4500</leader>
   <datafield ind2=" " ind1=" " tag="042">
      <subfield code="a">dc</subfield>
   </datafield>
   <datafield ind2=" " ind1=" " tag="720">
      <subfield code="a">Viana Negre, Alba</subfield>
      <subfield code="e">author</subfield>
   </datafield>
   <datafield ind2=" " ind1=" " tag="260">
      <subfield code="c">2016-06</subfield>
   </datafield>
   <datafield ind2=" " ind1=" " tag="520">
      <subfield code="a">El presente trabajo, de carácter filosófico-procesal, está dedicado a analizar la relación existente entre el derecho al silencio y los distintos sentidos de prueba o, lo que es lo mismo, el derecho al silencio entendido como medio probatorio, como actividad probatoria y como resultado probatorio. Antes de entrar a analizar más detalladamente estas facetas, he considerado oportuno adentrarme y a la vez cuestionarme, si la finalidad del proceso penal es realmente averiguar la verdad. De igual forma, antes de llegar a las conclusiones finales, me ha parecido conveniente dedicar unas páginas a hacer una breve comparativa entre el derecho que nos ocupa, es decir, el derecho al silencio y el supuesto “derecho a mentir”. Podremos observar cómo el derecho al silencio se extiende, en términos generales, a asegurar al imputado o acusado la facultad de no declarar sin que ello pueda tenerse en cuenta a los efectos de determinar su culpabilidad o inocencia</subfield>
   </datafield>
   <datafield ind1="8" ind2=" " tag="024">
      <subfield code="a">http://hdl.handle.net/10256/14301</subfield>
   </datafield>
   <datafield tag="653" ind2=" " ind1=" ">
      <subfield code="a">Procediment penal</subfield>
   </datafield>
   <datafield tag="653" ind2=" " ind1=" ">
      <subfield code="a">Judici oral</subfield>
   </datafield>
   <datafield tag="653" ind2=" " ind1=" ">
      <subfield code="a">Prova penal</subfield>
   </datafield>
   <datafield tag="653" ind2=" " ind1=" ">
      <subfield code="a">Prova (Dret)</subfield>
   </datafield>
   <datafield tag="653" ind2=" " ind1=" ">
      <subfield code="a">Silenci (Filosofia)</subfield>
   </datafield>
   <datafield ind2="0" ind1="0" tag="245">
      <subfield code="a">El Multifacético derecho al silencio</subfield>
   </datafield>
</record></metadata></record></GetRecord></OAI-PMH>